| 000 | 00614mam a2200205 a 4500 | ||
|---|---|---|---|
| 020 | _a0582244536 (variant) | ||
| 020 | _a0582256321 (pbk) | ||
| 082 |
_a620.1 _bHAN _cL-38, P-3 |
||
| 100 | 1 |
_aHannah, John, _940656 |
|
| 245 | 1 | 0 |
_aApplied mechanics / _cJ. Hannah, M.J. Hillier. |
| 250 | _a3rd ed. | ||
| 260 |
_aHarlow : _bLongman Scientific & Technical, _c1995. |
||
| 300 |
_axiv, 448 p. : _bill. ; _c24 cm. |
||
| 500 | _aPrevious ed.: 1988. | ||
| 526 |
_a0 _b0 _c0 _d620_100000000000000_HAN |
||
| 650 | 0 |
_aMCE _9379 |
|
| 650 | 0 |
_aMechanics, Applied. _913090 |
|
| 700 | 1 |
_aHillier, M. J. _940657 |
|
| 942 |
_2ddc _cBK |
||
| 999 |
_c544909 _d544909 |
||